CAD/CAM: computer-aided design and manufacturing (Record no. 18386)

MARC details
000 -LEADER
fixed length control field 00894nam a2200289Ia 4500
003 - CONTROL NUMBER IDENTIFIER
control field OSt
005 - DATE AND TIME OF LATEST TRANSACTION
control field 20220912144906.0
008 - FIXED-LENGTH DATA ELEMENTS--GENERAL INFORMATION
fixed length control field 220909b |||||||| |||| 00| 0 eng d
037 ## - SOURCE OF ACQUISITION
Terms of availability Textual
040 ## - CATALOGING SOURCE
Original cataloging agency CSL
Language of cataloging eng
Transcribing agency CSL
041 ## - LANGUAGE CODE
Language code of text/sound track or separate title eng
100 ## - MAIN ENTRY--PERSONAL NAME
Personal name Groover Mikell P
245 #0 - TITLE STATEMENT
Title CAD/CAM: computer-aided design and manufacturing
260 ## - PUBLICATION, DISTRIBUTION, ETC.
Place of publication, distribution, etc. London
Name of publisher, distributor, etc. Pearson Education
Date of publication, distribution, etc. 1984
300 ## - PHYSICAL DESCRIPTION
Extent 511p.
Dimensions cm.
500 ## - GENERAL NOTE
General note Includes bibliographical references; Index 501-511p.
650 ## - SUBJECT ADDED ENTRY--TOPICAL TERM
Topical term or geographic name entry element Computer-aided design
650 ## - SUBJECT ADDED ENTRY--TOPICAL TERM
Topical term or geographic name entry element Generalia
700 ## - ADDED ENTRY--PERSONAL NAME
Personal name Zimmers Emory W
942 ## - ADDED ENTRY ELEMENTS (KOHA)
Classification part D65,8(B):4, M4
Koha item type Textual
Source of classification or shelving scheme Colon Classification (CC)
Holdings
Withdrawn status Lost status Damaged status Not for loan Home library Current library Date acquired Source of acquisition Total Checkouts Full call number Barcode Date last seen Price effective from Koha item type
        Central Science Library Central Science Library 2022-09-12 2023, 28/08/2009, New India Book Agency   D65,8(B):4 M4 SL1379464 2022-09-12 2022-09-12 Textual
Copyright @ Delhi University Library System